00463nam a2200145Ia 4500008004100000020001800041041000800059082001600067100001900083245014100102250000600243260003300249300001300282650002200295210716s2013 xx 000 0 und d a9780143420866 aeng a374.22 IYEP aIyer, Prakash. aHabit of winning: stories to inspire motivate and unleash the winner within.bStories to inspire motivate and unleash the winner within. a1 aHaryanabPenguin Booksc2013 axxiv,248 aGeneral Knowledge